| Tag |
First Indicator |
Second Indicator |
Subfields |
| LEADER |
00000cam a2200000 i 4500 |
| 001 |
in00000106613 |
| 005 |
20150928120109.0 |
| 008 |
790427s1979 nyu 00011 eng d |
| 020 |
|
|
|a 0441754155 :
|c $1.95
|
| 035 |
|
|
|a (OCoLC)04905036
|
| 035 |
|
|
|9 AAM5243AM
|
| 040 |
|
|
|a IGA
|c IGA
|d TXA
|d UtOrBLW
|
| 049 |
|
|
|a TXAS
|c [1102301]
|
| 090 |
|
|
|a PZ4.B8445
|b Sch
|
| 092 |
|
|
|a F
|
| 100 |
1 |
|
|a Bretnor, Reginald.
|
| 245 |
1 |
4 |
|a The Schimmelhorn file :
|b memoirs of a dirty old genius /
|c by Reginald Bretnor.
|
| 264 |
|
1 |
|a New York :
|b Ace Books,
|c 1979.
|
| 300 |
|
|
|a 280 pages ;
|c 18 cm.
|
| 336 |
|
|
|a text
|b txt
|2 rdacontent
|
| 337 |
|
|
|a unmediated
|b n
|2 rdamedia
|
| 338 |
|
|
|a volume
|b nc
|2 rdacarrier
|
| 505 |
0 |
|
|a The gnurrs come from the voodvork out.--Little Anton.--The ladies of Beetlegoose nine.--Count von Schimmelhorn and the time-pony.--Papa Schimmelhorn's yang.--Papa Schimmelhorn and the S.O.D.O.M. serum.
|
| 999 |
|
|
|a MARS
|
| 999 |
f |
f |
|s aad45781-72ad-35f4-b149-fd184f5e1217
|i 2f961285-6139-30f5-bf0c-d11c8dfe6d3a
|t 0
|
| 952 |
f |
f |
|p noncirc
|a Texas A&M University
|b College Station
|c Cushing Memorial Library & Archives
|d Cushing: Science Fiction (Does not check out)
|t 0
|e PZ4.B8445 Sch
|h Library of Congress classification
|i unmediated -- volume
|m A14800438438
|
| 998 |
f |
f |
|a PZ4.B8445 Sch
|t 0
|l Cushing: Science Fiction (Does not check out)
|